000 00674nam a2200265Ia 4500
005 20260302115108.0
008 008 260114s9999 xx 000 0 eng d
020 _a9781350394629
037 _aTextbook
040 _aCRL
040 _beng
040 _cCRL
041 _2eng
041 _aeng
084 _qCRL
100 _aDavid Wheatley
_91120681
245 0 _aContemporary British Poetry
260 _bBloomsbury
260 _bBloomsbury Academic
260 _c2014
650 _aLiterary Studies
856 _uhttps://doi.org/10.1007/978-1-137-31663-9?locatt=label:secondary_bloomsburyCollections
942 _cEBOOK
999 _c1684940
_d1684940